[Event "Challenge"]
[Site "http://www.queenalice.com/game.php?id=940555"]
[Date "2011.5.20"]
[Round "-"]
[White "paivaric"]
[Black "umgeher"]
[Result "0-1"]
[WhiteElo "1273"]
[BlackElo "1643"]

1. e4 c5 2. Nc3 g6 3. b3 Bg7 4. Bb2 a6 5. Qe2 d6 6. O-O-O Nh6 7. f3 Qa5 8. Nh3
Nc6 9. Nd5 O-O 10. d4 Nxd4 11. Bxd4 cxd4 12. Kb2 d3+ 13. c3 dxe2 14. Bxe2 Be6
15. Rd3 Bxd5 16. exd5 Rac8 17. Rc1 Qb5 18. Re3 Qxd5 19. Rc2 Rxc3 20. Rexc3 Bxc3+
21. Kxc3 Rc8+ 22. Kb2 Qd4+ 23. Kb1 Rc5 24. Rxc5 Qxc5 25. g4 Kg7 26. f4 Qc3 27.
Nf2 Qe1+ 0-1

[Event "Let's Play Chess!"]
[Site "http://www.queenalice.com/game.php?id=943873"]
[Date "2011.5.29"]
[Round "-"]
[White "kisarsk"]
[Black "paivaric"]
[Result "1-0"]
[WhiteElo "1612"]
[BlackElo "1419"]

1. d4 d5 2. e3 g6 3. Qf3 Nf6 4. Bb5+ c6 5. Bd3 b6 6. Nh3 Bg7 7. Ng5 h6 8. Nh3
O-O 9. Nf4 g5 10. Ne2 a5 11. Ng3 Bg4 12. Qxg4 Qd6 13. Nf5 Qb4+ 14. c3 Qa4 15.
Nxe7+ Kh8 16. Qf5 c5 17. Nxd5 Nbd7 18. Ne7 cxd4 19. b3 dxe3 20. bxa4 exf2+ 21.
Qxf2 Rae8 22. O-O Rxe7 23. Ba3 Re5 24. Bxf8 Bxf8 25. Bc4 Ne4 26. Qd4 Bc5 27.
Rxf7 Bxd4+ 28. cxd4 Re8 29. Rxd7 Nf6 30. Rb7 Ng4 31. Nc3 Ne3 32. Re1 h5 33. Bb5
1-0

[Event "Let's Play Chess!"]
[Site "http://www.queenalice.com/game.php?id=943874"]
[Date "2011.5.29"]
[Round "-"]
[White "paivaric"]
[Black "kisarsk"]
[Result "0-1"]
[WhiteElo "1270"]
[BlackElo "1647"]

1. e4 d5 2. d3 d4 3. b3 e5 4. g4 Bb4+ 5. Nd2 Bc3 6. Rb1 Nh6 7. f3 Qg5 8. Bg2
Qe3+ 9. Kf1 Qg5 10. a3 O-O 11. h4 Qf4 12. Bh3 Bxg4 13. Nc4 Qg3 14. Bxg4 Nxg4 15.
Rh3 Qf2# 0-1

[Event "Challenge"]
[Site "http://www.queenalice.com/game.php?id=944545"]
[Date "2011.5.31"]
[Round "-"]
[White "paivaric"]
[Black "betanio"]
[Result "0-1"]
[WhiteElo "1328"]
[BlackElo "2363"]

1. e4 c5 2. c4 Nc6 3. g3 Nf6 4. Bg2 h5 5. Nh3 h4 6. d3 hxg3 7. fxg3 d5 8. O-O
Bxh3 9. Bxh3 Rxh3 10. Rf5 dxe4 11. Bf4 g6 12. Rxc5 Qd4+ 13. Kg2 Qxc5 14. Kxh3
O-O-O 15. Nc3 exd3 16. b3 g5 17. Bd2 Qf2 18. Bxg5 Qf5+ 19. Kh4 Qh7+ 0-1

[Event "AUTO-INT-2051"]
[Site "http://www.queenalice.com/game.php?id=945619"]
[Date "2011.6.3"]
[Round "1"]
[White "paivaric"]
[Black "Lopesq"]
[Result "0-1"]
[WhiteElo "1410"]
[BlackElo "1770"]

1. e4 d5 2. e5 Bf5 3. g3 e6 4. d4 Bb4+ 5. c3 Be7 6. Bg2 c6 7. Nh3 Nd7 8. O-O
Bxh3 9. Bxh3 Bg5 10. Bxg5 Qxg5 11. Nd2 Nh6 12. f4 Qe7 13. g4 Ng8 14. Rf3 Nb6 15.
Qf1 h6 16. f5 exf5 0-1

[Event "AUTO-INT-2051"]
[Site "http://www.queenalice.com/game.php?id=945620"]
[Date "2011.6.3"]
[Round "1"]
[White "Lopesq"]
[Black "paivaric"]
[Result "1-0"]
[WhiteElo "1768"]
[BlackElo "1412"]

1. d4 d5 2. c3 b5 3. e3 f5 4. Bxb5+ c6 5. Ba4 e6 6. Nf3 Nf6 7. Ne5 g6 8. Nxc6
Qd7 9. Nxb8 Rxb8 10. Bxd7+ Bxd7 11. Nd2 Bh6 12. Nf3 O-O 13. Ne5 Bg7 14. a4 Be8
15. O-O g5 16. c4 dxc4 17. Nxc4 Bh5 18. f3 1-0

[Event "AUTO-INT-2051"]
[Site "http://www.queenalice.com/game.php?id=945621"]
[Date "2011.6.3"]
[Round "1"]
[White "paivaric"]
[Black "vieri"]
[Result "0-1"]
[WhiteElo "1363"]
[BlackElo "1435"]

1. e4 Nf6 2. d3 g6 3. f4 Bg7 4. b3 O-O 5. Bb2 d6 6. g4 Bxg4 7. Be2 Bxe2 8. Qxe2
Bh6 9. Nh3 Qd7 10. f5 gxf5 0-1

[Event "AUTO-INT-2051"]
[Site "http://www.queenalice.com/game.php?id=945623"]
[Date "2011.6.3"]
[Round "1"]
[White "paivaric"]
[Black "ValerioR"]
[Result "0-1"]
[WhiteElo "1386"]
[BlackElo "1496"]

1. e4 d5 2. exd5 Qxd5 3. d4 Qe4+ 4. Ne2 Bf5 5. Nc3 Qxc2 6. Qxc2 Bxc2 7. Bf4 c6
8. g3 Nf6 9. Bg2 e6 10. O-O Nbd7 11. b3 Be7 12. Rac1 Bd3 13. Rfe1 O-O 0-1

[Event "AUTO-INT-2051"]
[Site "http://www.queenalice.com/game.php?id=945624"]
[Date "2011.6.3"]
[Round "1"]
[White "ValerioR"]
[Black "paivaric"]
[Result "1-0"]
[WhiteElo "1508"]
[BlackElo "1374"]

1. e4 e5 2. f4 exf4 3. Nf3 Nh6 4. d4 g5 5. h4 Bb4+ 6. Bd2 Bxd2+ 7. Nbxd2 g4 8.
Ne5 d6 9. Ndc4 dxe5 10. Nxe5 f6 11. Nd3 Qxd4 12. Nf2 Qxb2 13. Rc1 1-0

[Event "AUTO-INT-2052"]
[Site "http://www.queenalice.com/game.php?id=946016"]
[Date "2011.6.4"]
[Round "1"]
[White "johndavidtelker"]
[Black "paivaric"]
[Result "1-0"]
[WhiteElo "1762"]
[BlackElo "1408"]

1. e4 e5 2. Nf3 Nc6 3. Bb5 Nf6 4. Nc3 d6 5. d4 g6 6. d5 Bd7 7. dxc6 bxc6 8. Ba4
Bg7 9. O-O O-O 10. Bb3 Rb8 11. h3 h6 12. Be3 a5 13. Qd2 g5 14. g4 Nxg4 15. hxg4
Bxg4 16. Nh2 Bh3 17. Rfe1 Kh8 18. Qe2 f5 19. exf5 Rxf5 20. Be6 Rf6 21. Bxh3 Rxb2
22. Reb1 Rxb1+ 23. Rxb1 d5 24. Bd2 Qf8 25. Rf1 Rf7 26. Qh5 e4 27. Bxg5 Bxc3 28.
Bxh6 Qg8+ 29. Kh1 Bd4 30. Be3+ Qh7 31. Bxd4+ 1-0

[Event "AUTO-INT-2052"]
[Site "http://www.queenalice.com/game.php?id=946017"]
[Date "2011.6.4"]
[Round "1"]
[White "paivaric"]
[Black "johndavidtelker"]
[Result "0-1"]
[WhiteElo "1372"]
[BlackElo "1674"]

1. d4 Nf6 2. c4 g6 3. b4 Bg7 4. f4 d6 5. e3 Ne4 6. Qd3 f5 7. Nc3 O-O 8. Nxe4
fxe4 9. Qxe4 Nc6 10. a3 Bf5 11. Qf3 e5 12. c5 exd4 13. Bc4+ Kh8 14. Bb2 Re8 15.
O-O-O Rxe3 16. Qd5 Re4 17. Nf3 Rxf4 18. Nxd4 Be4 19. Qe6 Qg5 20. g3 Rf6+ 21. Rd2
Rxe6 22. Nxe6 Bxb2+ 23. Kd1 Qg4+ 24. Ke1 Bxh1 25. Rxb2 Qxc4 26. Nxc7 Rf8 27. Re2
Qc3+ 28. Rd2 Re8+ 29. Kd1 Bf3+ 0-1